000 00531nam a2200169 i 4500
001 32990
003 ES-MaACL
005 20230906154656.0
007 t|
008 030201s1971 sp ||||1| spa d
100 1 _aBenton, Arthur L.
_927793
245 1 0 _aIntroducción a la neuropsicologia /
_cArthur L. Benton ; [traducción J. Sánchez de Vega].
260 _aBarcelona :
_bFontanella,
_c1971.
300 _a224 p. :
_b1 retr. aut. ;
_c23 cm.
700 1 _aSánchez de Vega, J.
_9102599
852 _aES-MaACL
_jC-41087
_bR.79758
999 _c32990
_d32990